[Event "King's Island Open U1800"]
[Site "King's Island, OH"]
[Date "2002.11.17"]
[Round "4.84"]
[White "Williams, Kristopher"]
[Black "Gregory, Kevin"]
[Result "0-1"]
[WhiteElo "1636"]
[BlackElo "1780"]
[PlyCount "48"]
[EventDate "2002.11.15"]

1. e4 c5 2. Nf3 d6 3. d4 cxd4 4. Nxd4 Nf6 5. Nc3 g6 6. Be3 Bg7 7. f3 O-O 8. Qd2
Bd7 9. Bc4 Nc6 10. O-O-O Ne5 11. Bb3 Qa5 12. h4 h5 13. Bh6 Rfc8 14. Bxg7 Kxg7
15. Qg5 Rc5 16. Nf5+ Bxf5 17. exf5 Qc7 18. Ne4 Nxe4 19. fxe4 a5 20. Rd5 Rxd5
21. Bxd5 Rc8 22. c3 Nd3+ 23. Kb1 Qb6 24. b3 Qf2 0-1

[Event "Michigan Women's"]
[Site "Warren, MI"]
[Date "2002.11.17"]
[Round "2.5"]
[White "Walker, Kristen"]
[Black "John, Sherin"]
[Result "0-1"]
[WhiteElo "984"]
[BlackElo "364"]
[PlyCount "94"]
[EventDate "2002.11.17"]

1. e4 e5 2. Qh5 Nf6 3. Bc4 Nxh5 4. Nf3 Nc6 5. Nc3 Bc5 6. d3 d6 7. Bg5 f6 8. Be3
Bxe3 9. fxe3 Bg4 10. Nh4 g5 11. Nf5 b5 12. Bxb5 Qd7 13. Bc4 Bxf5 14. exf5 O-O-O
15. e4 Na5 16. Be6 Qxe6 17. fxe6 d5 18. exd5 Nf4 19. e7 Nxg2+ 20. Kf1 Ne3+ 21.
Kf2 Ng4+ 22. Kg2 Rde8 23. Kg3 f5 24. h3 Nh6 25. Nb5 Kb8 26. d6 cxd6 27. Nxd6
Rxe7 28. Rhe1 f4+ 29. Kf2 Kc7 30. Ne4 g4 31. h4 g3+ 32. Kf3 Rf8 33. Rad1 Rg7
34. d4 exd4 35. Rxd4 Nf5 36. Ra4 Nc6 37. Rc4 Nxh4+ 38. Ke2 f3+ 39. Kd1 Rd8+ 40.
Kc1 Ng2 41. Rf1 f2 42. b4 Ne1 43. Rxe1 fxe1=Q+ 44. Kb2 Kb8 45. Rxc6 g2 46. Nf6
Qxb4+ 47. Kc1 g1=Q# 0-1

[Event "Michigan Women's"]
[Site "Warren, MI"]
[Date "2002.11.17"]
[Round "3.2"]
[White "Skidmore, Jennifer"]
[Black "Tabak, Olga"]
[Result "1-0"]
[WhiteElo "1845"]
[BlackElo "1200"]
[PlyCount "49"]
[EventDate "2002.11.17"]

1. e4 e5 2. f4 exf4 3. Bc4 Nc6 4. Nf3 Bc5 5. d4 Bb4+ 6. c3 Ba5 7. Bxf4 d6 8.
O-O Bg4 9. Bxf7+ Kxf7 10. Ng5+ Ke8 11. Qxg4 Nf6 12. Qh3 h6 13. Nd2 Qd7 14. Ne6
Kf7 15. d5 g5 16. Bg3 Ne5 17. Bxe5 dxe5 18. Nc4 Bb6+ 19. Kh1 c6 20. Nxe5+ Ke7
21. Nxd7 Kxd7 22. Rxf6 cxd5 23. Nc5+ Kc7 24. Qd7+ Kb8 25. Qxb7# 1-0

[Event "Michigan Women's"]
[Site "Warren, MI"]
[Date "2002.11.17"]
[Round "1.3"]
[White "Skidmore, Jennifer"]
[Black "Mickens, Charniece"]
[Result "1-0"]
[WhiteElo "1845"]
[BlackElo "100"]
[PlyCount "43"]
[EventDate "2002.11.17"]

1. e4 Nf6 2. Nc3 d5 3. e5 Ng8 4. d4 Bf5 5. f4 Nd7 6. Nf3 Nh6 7. Be2 Ng4 8. h3
Nb6 9. hxg4 Bxg4 10. Be3 Nc4 11. Bxc4 dxc4 12. Qe2 Bf5 13. O-O-O Qd7 14. Qxc4
Bg4 15. d5 Bf5 16. Nb5 O-O-O 17. Bxa7 e6 18. d6 c6 19. Bb6 Re8 20. Qa4 Kb8 21.
Bc7+ Kc8 22. Na7# 1-0

[Event "Michigan Women's"]
[Site "Warren, MI"]
[Date "2002.11.17"]
[Round "4.1"]
[White "Skidmore, Jennifer"]
[Black "Livschitz, Victoria"]
[Result "1-0"]
[WhiteElo "1845"]
[BlackElo "1989"]
[Annotator "Jeff Aldrich"]
[PlyCount "53"]
[EventDate "2002.11.17"]

{King's Gambit Accepted: Bishop's Gambit} 1. e4 e5 2. f4 exf4 3. Bc4 d6 {This
move seems a little slow. With the airy king-side, the dark-square bishop
could be useful outside the pawn chain. Black probably didn't want to get into
a big tactical battle.} (3... Qh4+ 4. Kf1 {is very old and very well known.})
4. Nf3 Be6 5. Bxe6 fxe6 6. d4 c5 7. c3 cxd4 8. cxd4 Nf6 9. Nc3 Qb6 10. Rb1 Nc6
11. Bxf4 e5 12. Be3 ({Taking the pawn gives Black some attacking chances:} 12.
dxe5 Ng4) 12... Be7 13. Qd2 exd4 14. Nxd4 Nxd4 15. Bxd4 Qc6 16. O-O O-O 17. Qg5
Qc4 18. Rbd1 Rf7 19. Qg3 Kh8 20. Rf5 Nxe4 $2 {I bet Black was already getting
low on time at this point. She expected to get it back with the double attack,
but missed a key defensive square.} 21. Nxe4 Qe2 22. Re1 {The queen protects
the rook which protects the knight. This leaves White up a piece.} Qc4 23. Rxf7
Qxf7 24. Nxd6 Bxd6 25. Qxd6 Rg8 26. h3 Qxa2 27. Re7 {White won on time.} 1-0

[Event "Michigan Women's"]
[Site "Warren, MI"]
[Date "2002.11.17"]
[Round "2.1"]
[White "Payne, Ashlee"]
[Black "Livschitz, Victoria"]
[Result "0-1"]
[WhiteElo "1028"]
[BlackElo "1989"]
[PlyCount "64"]
[EventDate "2002.11.17"]

1. d4 c6 2. e4 g6 3. Be3 Bg7 4. Qd2 d5 5. e5 c5 6. dxc5 Bxe5 7. Bd4 Bxd4 8.
Qxd4 Nf6 9. Bb5+ Bd7 10. Bxd7+ Qxd7 11. Nf3 Nc6 12. Qd2 Ne4 13. Qe3 e5 14. O-O
f5 15. Qe2 O-O 16. Na3 Rae8 17. Rad1 Nxc5 18. Nc4 e4 19. Ne1 Qe6 20. Nd2 f4 21.
f3 Nd4 22. Qf2 e3 23. Qh4 e2 24. Nd3 exd1=Q 25. Rxd1 Nxd3 26. cxd3 Qe3+ 27. Kh1
Nf5 28. h3 Nxh4 29. Nf1 Qf2 30. Rd2 Qxf1+ 31. Kh2 Re1 32. a3 Qg1# 0-1

[Event "Michigan Women's"]
[Site "Warren, MI"]
[Date "2002.11.17"]
[Round "3.1"]
[White "Livschitz, Victoria"]
[Black "Tabak, Alla"]
[Result "1-0"]
[WhiteElo "1989"]
[BlackElo "1950"]
[PlyCount "71"]
[EventDate "2002.11.17"]

1. e4 c5 2. g3 d5 3. Nc3 d4 4. Nce2 e5 5. d3 Bd6 6. Bg2 Ne7 7. f4 Nbc6 8. Nf3
O-O 9. f5 f6 10. O-O b5 11. g4 c4 12. Kh1 Bd7 13. c3 dxc3 14. dxc4 cxb2 15.
Bxb2 Be8 16. cxb5 Na5 17. Qd3 Qb6 18. Nc3 Rd8 19. Rfd1 Bf7 20. Na4 Qb8 21. g5
Bc4 22. Qd2 Qxb5 23. Nc3 Qe8 24. gxf6 gxf6 25. Qh6 Qf7 26. Bf1 Kh8 27. Nb5 Bb8
28. Ba3 Bxf1 29. Rxf1 Nc4 30. Bxe7 Qxe7 31. Rg1 Rg8 32. Nh4 Rxg1+ 33. Rxg1 Rg8
34. Ng6+ Rxg6 35. Rxg6 a6 36. Rxf6 1-0

[Event "Michigan Women's"]
[Site "Warren, MI"]
[Date "2002.11.17"]
[Round "1.1"]
[White "Livschitz, Victoria"]
[Black "Deeb, Andrea"]
[Result "1-0"]
[WhiteElo "1898"]
[BlackElo "268"]
[Annotator "Jeff Aldrich"]
[PlyCount "49"]
[EventDate "2002.11.17"]

{French} 1. e4 e6 2. d4 Bb4+ {The game is not decided by who gets the most
checks. Young players need to understand that the goal is place your pieces in
position to get the king in the end. It should be fairly obvious what White's
response to this check will be. This will force the bishop to move again for
no reason.} 3. c3 Ba5 4. Qg4 Nf6 5. Qxg7 {Sometimes a pawn is worth a little
trouble. White doesn't have to worry about that bishop on the other side of
the board.} Rg8 6. Qh6 Rg6 7. Qh4 Rg4 8. Qh3 Rxe4+ {OK, so Black got the pawn
back. But, there is a reason why you were taught bishops and knights first.
Rooks operate better in space. This early in the game, that rook is out of its
element.} 9. Be3 Nc6 10. Nd2 Rg4 11. Be2 Rg8 {Did you notice that White just
developed two pieces while that rook was retreating?} 12. Ngf3 Nd5 13. O-O-O
Nxe3 14. fxe3 d6 15. Qxh7 Rf8 16. h4 e5 $2 {So far, Black has held up pretty
well considering the rating difference. This is where Black needs to recognize
that king safety is now the priority. The safest place for the Black king is
on the queens-side. The queen and bishop need to be moved out of the way, so
Black can castle. Opening up the center where her king is still located allows
White's pieces to move in for the kill.} 17. dxe5 dxe5 18. Ng5 Qd7 19. Rhf1 e4
20. Ndxe4 Qe7 21. Nf6+ Qxf6 22. Rxf6 Ne5 23. Nxf7 Nxf7 24. Qe4+ Be6 25. Qxe6#
1-0

[Event "Michigan Women's"]
[Site "Warren, MI"]
[Date "2002.11.17"]
[Round "2.3"]
[White "Livschitz, Jennifer"]
[Black "Skidmore, Jennifer"]
[Result "0-1"]
[WhiteElo "732"]
[BlackElo "1845"]
[PlyCount "44"]
[EventDate "2002.11.17"]

1. e4 e5 2. Nf3 d6 3. d4 Nf6 4. Nc3 exd4 5. Nxd4 Be7 6. Bc4 O-O 7. O-O Re8 8.
Re1 Nbd7 9. Bf4 c6 10. Qf3 Nc5 11. Qg3 Bg4 12. Nf5 Bxf5 13. Bh6 Bf8 14. exf5 d5
15. Bb3 Nce4 16. Rad1 Nxg3 17. fxg3 Qb6+ 18. Kh1 Ng4 19. Bf4 Nf2+ 20. Kg1 Nh3+
21. Kh1 Qg1+ 22. Rxg1 Nf2# 0-1

[Event "King's Island Open U1800"]
[Site "King's Island, OH"]
[Date "2002.11.17"]
[Round "5.71"]
[White "Gregory, Kevin"]
[Black "Chancey, Daniel"]
[Result "1/2-1/2"]
[WhiteElo "1780"]
[BlackElo "1637"]
[PlyCount "68"]
[EventDate "2002.11.15"]

1. d4 Nf6 2. Nf3 d5 3. Bf4 e6 4. e3 Nbd7 5. Nbd2 c5 6. c3 Be7 7. Bd3 O-O 8. h3
b6 9. Qe2 Bb7 10. O-O c4 11. Bc2 b5 12. e4 dxe4 13. Nxe4 Nxe4 14. Bxe4 Bxe4 15.
Qxe4 Nf6 16. Qe2 Nd5 17. Bg3 a5 18. Rfc1 Rc8 19. Be5 Bd6 20. a3 Qb6 21. Bxd6
Qxd6 22. g3 Rc7 23. Nd2 Nf6 24. Ne4 Nxe4 25. Qxe4 Rb8 26. Kf1 h6 27. h4 b4 28.
axb4 axb4 29. Ra8 Rcc8 30. Rca1 bxc3 31. bxc3 Rxa8 32. Rxa8 Rxa8 33. Qxa8+ Kh7
34. Qa5 Qc6 1/2-1/2

[Event "Michigan Women's"]
[Site "Warren, MI"]
[Date "2002.11.17"]
[Round "3.4"]
[White "Deeb, Andrea"]
[Black "Payne, Ashlee"]
[Result "0-1"]
[WhiteElo "268"]
[BlackElo "1028"]
[PlyCount "22"]
[EventDate "2002.11.17"]

1. b3 d5 2. Bb2 Nc6 3. e3 e5 4. Bb5 Bd6 5. f4 exf4 6. Bxg7 Qh4+ 7. g3 fxg3 8.
Bxh8 Bg4 9. Nf3 Qh5 10. O-O gxh2+ 11. Nxh2 Qxh2# 0-1

[Event "Michigan Women's"]
[Site "Warren, MI"]
[Date "2002.11.17"]
[Round "4.5"]
[White "Deeb, Andrea"]
[Black "John, Sherin"]
[Result "1-0"]
[WhiteElo "268"]
[BlackElo "364"]
[PlyCount "101"]
[EventDate "2002.11.17"]

1. b3 e5 2. Bb2 d6 3. e3 Nf6 4. Bb5+ c6 5. Bc4 Bg4 6. f3 Be6 7. Bxe6 fxe6 8.
Ne2 e4 9. fxe4 Ng4 10. O-O Qh4 11. h3 d5 12. hxg4 Bd6 13. Bxg7 Qh2+ 14. Kf2
dxe4 15. Rh1 Rf8+ 16. Bxf8 Qg3+ 17. Nxg3 Kxf8 18. Nxe4 Be5 19. c3 h5 20. gxh5
Nd7 21. Ng5 Kg8 22. Nxe6 Rf8+ 23. Ke1 Bg3+ 24. Ke2 Rf2+ 25. Ke1 Ne5 26. Rf1
Nf3+ 27. gxf3 Rxf1+ 28. Kxf1 Kf7 29. Ng5+ Kf6 30. Nh7+ Kf7 31. Qc2 b5 32. c4
bxc4 33. bxc4 Kg7 34. Ng5 Bh4 35. Ne6+ Kf6 36. Nd4 c5 37. Nb5 a6 38. Nd6 a5 39.
Qb2+ Ke7 40. Qe5+ Kd7 41. Qxc5 Be7 42. Qa7+ Kxd6 43. Nc3 Ke6 44. Rb1 Bd8 45.
Rb5 Kd6 46. Qa6+ Kd7 47. Rb7+ Ke8 48. Nd5 Kf8 49. Qa8 Ke8 50. Nf6+ Kf8 51.
Qxd8# 1-0

[Event "Michigan Women's"]
[Site "Warren, MI"]
[Date "2002.11.17"]
[Round "4.3"]
[White "Coleman, Keyanna"]
[Black "Payne, Ashlee"]
[Result "0-1"]
[WhiteElo "778"]
[BlackElo "1028"]
[PlyCount "100"]
[EventDate "2002.11.17"]

1. e4 e5 2. Nf3 d6 3. Bc4 Be7 4. d3 Nd7 5. h4 Nb6 6. Nc3 Nf6 7. Ng5 d5 8. exd5
Bb4 9. d6 Nxc4 10. dxc4 Bxd6 11. Bd2 Qe7 12. Nge4 Be6 13. Bg5 Bxc4 14. Nd5 Bxd5
15. Qxd5 Nxd5 16. Bxe7 Bxe7 17. Rd1 Nf6 18. Nc3 Bc5 19. Nb5 O-O 20. Nxc7 Rac8
21. Nb5 Ng4 22. Rd2 Nxf2 23. Rf1 Ne4 24. Rd3 Nf2 25. Rd2 Ng4 26. Ke2 Rcd8 27.
Rfd1 Rxd2+ 28. Rxd2 e4 29. Rd5 Bf2 30. Nd6 Rd8 31. c4 Bg3 32. Nxe4 Re8 33. Kd3
Ne5+ 34. Kc2 Nxc4 35. Kd3 Nxb2+ 36. Kd4 Bc7 37. Nc5 Bb6 38. g4 Na4 39. Kc4 Nxc5
40. h5 Ne6 41. Re5 Rc8+ 42. Kb5 Nd4+ 43. Ka4 Rc4+ 44. Ka3 Bc5+ 45. Kb2 Rc2+ 46.
Kb1 f6 47. Re8+ Kf7 48. Rb8 Ba3 49. Rxb7+ Ke6 50. Rxa7 Rc1# 0-1

[Event "Michigan Women's"]
[Site "Warren, MI"]
[Date "2002.11.17"]
[Round "3.5"]
[White "Coleman, Keyanna"]
[Black "Mickens, Charniece"]
[Result "1-0"]
[WhiteElo "778"]
[BlackElo "100"]
[PlyCount "63"]
[EventDate "2002.11.17"]

1. e4 Nf6 2. Nc3 Ng8 3. Bc4 e6 4. Nf3 Bb4 5. d3 Nf6 6. Bd2 Ng4 7. h3 Nh6 8. a3
Ba5 9. b4 Bb6 10. a4 O-O 11. Bxh6 gxh6 12. a5 Qf6 13. d4 Nc6 14. axb6 axb6 15.
Rxa8 Nxb4 16. e5 Qg6 17. h4 Nxc2+ 18. Kf1 Nb4 19. h5 Qg4 20. Rh4 Qg7 21. Nd2 d5
22. Be2 Nc6 23. Rg4 Qxg4 24. Bxg4 Nxd4 25. Nf3 Nf5 26. Bxf5 exf5 27. Nxd5 c6
28. Ne7+ Kg7 29. Rxc8 f4 30. Rxf8 Kxf8 31. Qd8+ Kg7 32. Qg8# 1-0

[Event "Genesee County CC Championship"]
[Site "Flint, MI"]
[Date "2002.11.20"]
[Round "5.7"]
[White "Saylor, Oliver"]
[Black "Whatling, David"]
[Result "0-1"]
[WhiteElo "1391"]
[BlackElo "1341"]
[PlyCount "64"]
[EventDate "2002.10.23"]

1. e4 c5 2. Nf3 e6 3. d4 cxd4 4. Nxd4 Nc6 5. Nc3 Nf6 6. a3 Be7 7. Be2 O-O 8.
Be3 d6 9. Qd2 d5 10. exd5 exd5 11. O-O Nxd4 12. Qxd4 Be6 13. Bf3 Qc7 14. Rac1
Rfd8 15. Bf4 Bd6 16. Nb5 Qc5 17. Qxc5 Bxc5 18. Nc7 Rac8 19. Nxe6 fxe6 20. Bg5
e5 21. Rcd1 e4 22. Bg4 Nxg4 23. Bxd8 Rxd8 24. h3 Ne5 25. Kh1 Kf7 26. c3 Ke6 27.
Rd2 Rf8 28. Rfd1 Nd3 29. f3 Nf2+ 30. Rxf2 Bxf2 31. fxe4 dxe4 32. b4 e3 0-1

[Event "Genesee County CC Championship"]
[Site "Flint, MI"]
[Date "2002.11.20"]
[Round "5.6"]
[White "Poniatowski, Don"]
[Black "Hershberger, Kent"]
[Result "1/2-1/2"]
[WhiteElo "1165"]
[BlackElo "1508"]
[PlyCount "58"]
[EventDate "2002.10.23"]

1. e4 e5 2. Nc3 Nf6 3. Nf3 d6 4. h3 Be7 5. d4 exd4 6. Nxd4 Bd7 7. Bd3 O-O 8.
O-O Nc6 9. Nf3 h6 10. Be3 Ne5 11. Re1 Nxd3 12. Qxd3 Bc6 13. Rad1 Re8 14. a3 Bf8
15. Bd4 Nd7 16. b4 Ne5 17. Bxe5 dxe5 18. Qxd8 Raxd8 19. Rxd8 Rxd8 20. Nxe5 Rd2
21. Nxc6 bxc6 22. Re2 Rxe2 23. Nxe2 c5 24. c3 Bd6 25. f4 f6 26. Kf2 Kf7 27. Kf3
g5 28. g4 Ke6 29. fxg5 fxg5 1/2-1/2

[Event "Genesee County CC Championship"]
[Site "Flint, MI"]
[Date "2002.11.20"]
[Round "5.5"]
[White "Gregory, Kevin"]
[Black "Aldrich, Justin"]
[Result "0-1"]
[WhiteElo "1780"]
[BlackElo "1631"]
[PlyCount "112"]
[EventDate "2002.10.23"]

1. d4 d5 2. Nf3 e6 3. Bf4 Nf6 4. e3 c5 5. c3 Nc6 6. Nbd2 Bd6 7. Bxd6 Qxd6 8.
Bb5 Bd7 9. Bxc6 Bxc6 10. Ne5 O-O 11. O-O cxd4 12. cxd4 Bb5 13. Re1 Rac8 14. Rc1
Nd7 15. Ndf3 f6 16. Nxd7 Qxd7 17. Qd2 Rc6 18. Rxc6 Bxc6 19. Rc1 Rc8 20. Qc3 b6
21. Qd2 Bb7 22. h3 Ba6 23. Ne1 Rxc1 24. Qxc1 Qb5 25. Nf3 Qc4 26. Qxc4 dxc4 27.
Nd2 b5 28. Kf1 Bb7 29. g3 f5 30. Ke2 Bd5 31. a3 a5 32. f3 Kf7 33. Nb1 g5 34.
Nc3 b4 35. axb4 axb4 36. Na4 Ke7 37. Nc5 Bc6 38. e4 fxe4 39. fxe4 Kd6 40. Ke3
e5 41. Na6 c3 42. bxc3 b3 43. dxe5+ Kxe5 44. Kd2 Kxe4 45. Nc5+ Kf3 46. Ne6 Kxg3
47. Nxg5 h6 48. Nf7 h5 49. h4 Kxh4 50. Ne5 Be8 51. c4 Kg3 52. Kc3 h4 53. c5 h3
54. c6 Bxc6 55. Nxc6 h2 56. Kxb3 h1=Q 0-1

[Event "Genesee County CC Championship"]
[Site "Flint, MI"]
[Date "2002.11.20"]
[Round "5.1"]
[White "Fick II, Douglas"]
[Black "Duncan, Jack"]
[Result "0-1"]
[WhiteElo "1289"]
[BlackElo "2048"]
[PlyCount "85"]
[EventDate "2002.10.23"]

1. e4 c5 2. Nf3 e6 3. d4 cxd4 4. Nxd4 Nf6 5. Nc3 d6 6. Bb5+ Nbd7 7. O-O a6 8.
Bxd7+ Bxd7 9. f4 Qc7 10. Nf3 Bc6 11. Qe1 Be7 12. e5 Nd7 13. exd6 Bxd6 14. Nd4
Bc5 15. Be3 Qb6 16. Nf5 O-O-O 17. Nd6+ Kb8 18. Nc4 Qa7 19. a4 Nf6 20. b4 Bxe3+
21. Qxe3 Rd4 22. b5 Rxc4 23. b6 Qxb6 24. Qxb6 Rxc3 25. Rfd1 Rxc2 26. Rac1 Rxc1
27. Rxc1 Nd5 28. Qd4 f6 29. Rb1 Kc8 30. g4 Re8 31. Rc1 Kb8 32. g5 Re7 33. gxf6
gxf6 34. Rc2 e5 35. fxe5 fxe5 36. Qf2 e4 37. Qf8+ Ka7 38. Rd2 Rd7 39. Qc5+ Kb8
40. Qf8+ Kc7 41. Qc5 e3 42. Rxd5 Rxd5 43. Qe7+ $138 0-1

[Event "Genesee County CC Championship"]
[Site "Flint, MI"]
[Date "2002.11.20"]
[Round "5.3"]
[White "Aldrich, Jeff"]
[Black "Hazzard, Bill"]
[Result "1-0"]
[WhiteElo "1921"]
[BlackElo "1624"]
[PlyCount "53"]
[EventDate "2002.10.23"]

1. d4 f5 2. c4 Nf6 3. Nc3 e6 4. Nf3 Be7 5. e3 O-O 6. Qc2 Nc6 7. a3 Qe8 8. b4
Kh8 9. Bb2 Qg6 10. O-O-O a6 11. h3 Qe8 12. Bd3 Bxb4 13. axb4 Nxb4 14. Qb1 d5
15. g4 Nxd3+ 16. Qxd3 Ne4 17. Qc2 c6 18. Ne5 b5 19. Nxe4 dxe4 20. Rdg1 Bb7 21.
gxf5 exf5 22. Qc3 Rg8 23. Rg5 Qf8 24. Rhg1 b4 25. Qxb4 g6 26. d5 Rg7 27. Qxb7
1-0

[Event "Motor City Open"]
[Site "Warren, MI"]
[Date "2002.11.29"]
[Round "2.23"]
[White "Zaremba, Anatoli"]
[Black "Kahn, Aaron"]
[Result "1/2-1/2"]
[WhiteElo "1137"]
[BlackElo "1858"]
[PlyCount "47"]
[EventDate "2002.11.29"]

1. d4 Nf6 2. c4 g6 3. Nf3 Bg7 4. Nc3 d5 5. e3 O-O 6. Bd3 c5 7. O-O cxd4 8. Nxd4
e5 9. Nde2 Nc6 10. cxd5 Nxd5 11. Nxd5 Qxd5 12. Nc3 Qc5 13. e4 Be6 14. Be3 Qa5
15. Qc1 Rfd8 16. Be2 Rac8 17. Rd1 Nd4 18. Qb1 f5 19. exf5 Bxf5 20. Bd3 Rxc3 21.
bxc3 Ne2+ 22. Kf1 Nxc3 23. Qb3+ Kh8 24. Bxf5 1/2-1/2

[Event "Motor City Open"]
[Site "Warren, MI"]
[Date "2002.11.29"]
[Round "2.30"]
[White "Wood, Jack"]
[Black "Reddick, Forrest"]
[Result "1-0"]
[WhiteElo "1450"]
[BlackElo "944"]
[PlyCount "48"]
[EventDate "2002.11.29"]

1. e4 d5 2. exd5 Qxd5 3. Nf3 Nf6 4. Nc3 Qe6+ 5. Be2 Qd6 6. h3 e5 7. d3 Nc6 8.
Bg5 Qd8 9. Ne4 Be7 10. Ng3 O-O 11. Qd2 Be6 12. a3 Nd5 13. O-O-O Bxg5 14. Nxg5
Nf4 15. Nxe6 Nxe6 16. h4 Nf4 17. Bf3 Nd4 18. Ne4 Nxf3 19. gxf3 Ng2 20. Rhg1 Nf4
21. h5 h6 22. Rg3 Qd4 23. Rdg1 g5 24. hxg6 fxg6 1-0

[Event "Motor City Open"]
[Site "Warren, MI"]
[Date "2002.11.29"]
[Round "1.16"]
[White "Williams, Marcus"]
[Black "Kaminski, Trajce"]
[Result "1/2-1/2"]
[WhiteElo "1227"]
[BlackElo "1800"]
[PlyCount "98"]
[EventDate "2002.11.29"]

1. d4 Nf6 2. Nf3 d5 3. b3 Bg4 4. Nbd2 Nbd7 5. e3 c5 6. Bb2 e6 7. Be2 Be7 8. O-O
O-O 9. Bd3 Qc7 10. Qb1 Bxf3 11. Nxf3 Ne4 12. c4 f5 13. Qc2 Rac8 14. Ne5 Bf6 15.
f4 Be7 16. Rf3 Rf6 17. Rh3 Nxe5 18. dxe5 Rg6 19. Bxe4 dxe4 20. Rd1 Rd8 21.
Rxd8+ Qxd8 22. Bc3 Rg4 23. Qd2 Qe8 24. Qe2 h5 25. Be1 a6 26. Rg3 b5 27. Rxg4
hxg4 28. Kh1 bxc4 29. Qxc4 Qc6 30. Kg1 g5 31. g3 Kf7 32. Kf2 gxf4 33. gxf4 Qb5
34. Qxb5 axb5 35. Ke2 Kg6 36. Bg3 Kf7 37. Kd2 Bd8 38. Kc2 Ba5 39. a3 Ke7 40.
Kd1 Kd7 41. Be1 Bxe1 42. Kxe1 Kc6 43. Kd2 b4 44. axb4 cxb4 45. Ke2 Kd7 46. Kf2
Ke7 47. Kg3 Kf7 48. Kh4 Kg6 49. h3 gxh3 1/2-1/2

[Event "Motor City Open"]
[Site "Warren, MI"]
[Date "2002.11.29"]
[Round "1.18"]
[White "Vasos, John"]
[Black "Reid, Ricky"]
[Result "0-1"]
[WhiteElo "1176"]
[BlackElo "1782"]
[PlyCount "52"]
[EventDate "2002.11.29"]

1. e4 c5 2. c4 Nc6 3. Nf3 Nf6 4. Nc3 d6 5. d3 e6 6. Be2 Be7 7. O-O a6 8. Bd2
O-O 9. a4 h6 10. Rb1 Bd7 11. Na2 d5 12. e5 Ne8 13. b4 cxb4 14. Nxb4 dxc4 15. d4
b5 16. axb5 axb5 17. Nxc6 Bxc6 18. Bb4 Bxb4 19. Rxb4 Nc7 20. Qc2 Nd5 21. Rbb1
Qd7 22. Nd2 Rfb8 23. Ne4 Nf4 24. Rbd1 Nxe2+ 25. Qxe2 Bxe4 26. Qxe4 Qd5 {Time}
0-1

[Event "Motor City Open"]
[Site "Warren, MI"]
[Date "2002.11.29"]
[Round "2.27"]
[White "Sturgis, Derreck"]
[Black "Montgomery, Deaundray"]
[Result "0-1"]
[WhiteElo "1090"]
[BlackElo "1482"]
[PlyCount "60"]
[EventDate "2002.11.29"]

1. e4 c5 2. Nf3 d6 3. d3 Nc6 4. c3 Nf6 5. Nbd2 e5 6. g3 Be7 7. Bg2 Bg4 8. O-O
O-O 9. h3 Bh5 10. Re1 h6 11. Nf1 Rc8 12. N1h2 Re8 13. g4 Bg6 14. g5 hxg5 15.
Bxg5 Nh5 16. Bc1 Qd7 17. Qd2 Nf4 18. Ng4 f5 19. exf5 Bxf5 20. Nfh2 Nxd3 21. Re3
Bg5 22. Be4 Bxe4 23. f3 Bxe3+ 24. Qxe3 Bh7 25. Qg5 Re6 26. f4 exf4 27. Bxf4
Nxf4 28. Qxf4 Rf8 29. Qc4 Kh8 30. Rd1 Qe7 0-1

[Event "Motor City Open"]
[Site "Warren, MI"]
[Date "2002.11.29"]
[Round "2.5"]
[White "Steen, Harold"]
[Black "Ferenti, Cornel"]
[Result "0-1"]
[WhiteElo "1647"]
[BlackElo "2169"]
[PlyCount "60"]
[EventDate "2002.11.29"]

1. d4 Nf6 2. Nf3 e6 3. e3 c5 4. Bd3 Nc6 5. O-O d5 6. b3 cxd4 7. exd4 Be7 8. Bb2
O-O 9. Nbd2 Qc7 10. a3 Nh5 11. Ne5 Nf4 12. Qf3 Nxd3 13. Qxd3 Nxe5 14. dxe5 Bd7
15. a4 Rae8 16. Rac1 f6 17. f4 fxe5 18. fxe5 Rxf1+ 19. Qxf1 Bg5 20. Qe2 Qc5+
21. Kh1 Rf8 22. Qd3 Qe3 23. Qxe3 Bxe3 24. Rd1 Bxd2 25. h3 Be3 26. c4 Bc6 27.
Bd4 Bxd4 28. Rxd4 dxc4 29. bxc4 h5 30. Rd6 Kf7 0-1

[Event "Motor City Open"]
[Site "Warren, MI"]
[Date "2002.11.29"]
[Round "1.19"]
[White "Scott, Steven"]
[Black "Zaremba, Anatoli"]
[Result "1-0"]
[WhiteElo "1775"]
[BlackElo "1137"]
[PlyCount "65"]
[EventDate "2002.11.29"]

1. e4 c5 2. Nf3 d6 3. d4 cxd4 4. Nxd4 Nf6 5. Nc3 g6 6. Be2 Bg7 7. O-O O-O 8.
Be3 Nc6 9. f3 d5 10. exd5 Nxd5 11. Nxd5 Qxd5 12. Nxc6 Qxc6 13. c3 Be6 14. Qc2
Bc4 15. Rfd1 Bxe2 16. Qxe2 b6 17. Qd3 Qc7 18. Qd7 Be5 19. Qxc7 Bxc7 20. Kf2
Rfd8 21. a3 Rxd1 22. Rxd1 Rd8 23. Rxd8+ Bxd8 24. a4 Bc7 25. b4 Kf8 26. Ke2 Ke8
27. Kd3 Kd7 28. b5 Ke6 29. a5 f5 30. a6 Bd6 31. Bxb6 Bb8 32. Bd4 Kd6 33. b6 1-0

[Event "Motor City Open"]
[Site "Warren, MI"]
[Date "2002.11.29"]
[Round "1.8"]
[White "Saylor, Oliver"]
[Black "Gabbara, Faris"]
[Result "0-1"]
[WhiteElo "1414"]
[BlackElo "2051"]
[PlyCount "70"]
[EventDate "2002.11.29"]

1. e4 c5 2. Nf3 e6 3. d4 cxd4 4. Nxd4 Nc6 5. Be3 Nf6 6. f3 a6 7. Be2 d5 8. exd5
Nxd5 9. Nxc6 bxc6 10. Bf2 Qf6 11. c3 Nf4 12. O-O Qg6 13. Bg3 Bc5+ 14. Kh1 Nxe2
15. Qxe2 O-O 16. Nd2 Rd8 17. Nc4 a5 18. Bf2 Bxf2 19. Qxf2 Qd3 20. Nb6 Rb8 21.
Nxc8 Rbxc8 22. h3 Rd5 23. Rac1 Rcd8 24. c4 Rd4 25. Rfd1 Qxd1+ 26. Rxd1 Rxd1+
27. Kh2 R8d4 28. Qg3 h6 29. Qc7 Rxc4 30. Qxa5 Rc2 31. Qe5 Rdd2 32. a4 Rxg2+ 33.
Kh1 Rge2 34. Qb8+ Kh7 35. b4 Rc1# 0-1

[Event "Motor City Open"]
[Site "Warren, MI"]
[Date "2002.11.29"]
[Round "2.28"]
[White "Salami, Samer"]
[Black "Taliaferro II, Robert"]
[Result "1-0"]
[WhiteElo "1469"]
[BlackElo "1050"]
[PlyCount "61"]
[EventDate "2002.11.29"]

1. e4 e5 2. f4 Qh4+ 3. g3 Qe7 4. Bc4 exf4 5. Nc3 fxg3 6. hxg3 g6 7. Nf3 Bg7 8.
d4 c6 9. Ng5 d5 10. Bb3 h6 11. Nxf7 Qxf7 12. Rf1 Qc7 13. Bf4 Qe7 14. e5 g5 15.
Be3 Bh3 16. Qh5+ Kd8 17. Qxh3 Bf6 18. O-O-O h5 19. Qf5 g4 20. exf6 Qxe3+ 21.
Kb1 Qxg3 22. f7 Qd6 23. Rde1 Nh6 24. Qg5+ Kc8 25. Re8+ Kc7 26. Rxh8 Nxf7 27.
Rxf7+ Kb6 28. Na4+ Ka6 29. Nc5+ Kb6 30. Rxb7+ Ka5 31. Qd2# 1-0